00681 2200217 4500001002100000005001500021035002000036007000300056008004100059020002200100082001100122084001700133100001800150245017200168250001100340260003700351300003300388650002000421990001100441990001100452INLIS00000000000123720180113010949 a0010-0118000055ta180113 0  a978-602-1351-32-1 a370.15 a370.15 MUS p0 aMustofa,bisri1 aPsikologi Pendidikan :bPendekatan, Orientasi dan Perspektif Baru sebagai landasan pengembangan strategi dan proses pembelajaran ( teori dan praktik ) /cBisri Mustofa acet. 1 aYogyakarta :bParama Ilmu,c2015 a253 hlm ;c13,5 cm x 20,5 cm apendidikan anak a5489 A a5489 B